000 00314nam a2200097Ia 4500
001 787974
005 20250826170350.0
008 250824s9999 xx 000 0 und d
245 0 _aKÜÇÜK İYİLİK FİKİRLERİ
_cSELİN ALEMDAR-AHMET ŞERİF İZGÖREN-RABİA KAYA-GÖKHAN OKÇU-MURAT ÜKE
260 _bELMA YAYINLARI
999 _c787974
_d787974